| 000 | 00671nam a2200169 4500 | ||
|---|---|---|---|
| 003 | SEACOMEC | ||
| 005 | 20231103053648.0 | ||
| 008 | 231103b |||||||| |||| 00| 0 eng d | ||
| 022 | _cRs.185.00 | ||
| 040 | _aSEACOMEC | ||
| 082 | 1 |
_a621.37 _bR378 |
|
| 100 | _a Reissland,Martin U. | ||
| 245 | 1 |
_aElectrical measurements: fundamentals concepts applications _cMartin U. Reissland |
|
| 260 | 1 |
_aNew delhi _bNew Age _c2003 |
|
| 650 | _aTechnology,Testing and measurement of electrical quantities | ||
| 942 | _cBOOK | ||
| 999 |
_c264 _d264 |
||